[Event "WYCC 2018 O18"]
[Site "Halkidiki"]
[Date "2018.10.29"]
[Round "10"]
[White "Stijve, Theo"]
[Black "Lindbol, Aleksander"]
[Result "1-0"]
[WhiteElo "2345"]
[BlackElo "2166"]
[Annotator "NA"]
[PlyCount "79"]
[EventDate "2018.10.20"]
[EventType "swiss"]
[EventCountry "GRE"]
[SourceTitle "playchess.com"]
[Source "ChessBase"]
[SourceQuality "1"]
[TimeControl "40/5400+30:1800+30"]

1. e4 {[%emt 0:00:09]} c5 {[%emt 0:00:00]} 2. d3 {[%emt 0:00:12]} Nc6 {[%emt 0:01:37]} 3. g3 {[%emt 0:00:14]} Nf6 {[%emt 0:04:32]} 4. Bg2 {[%emt 0:00:29]} d5 {[%emt 0:01:38]} 5. Nd2 {[%emt 0:01:54]} e6 {[%emt 0:00:49]} 6. f4 {[%emt 0:00:30]} Be7 {[%emt 0:01:50] LiveBook: 12 Games} 7. Ngf3 {[%emt 0:01:56]} b5 {[%emt 0:01:22]} 8. O-O {[%emt 0:04:13]} O-O {[%emt 0:02:37]} 9. c3 {[%emt 0:10:16]} Bb7 {[%emt 0:08:35]} 10. e5 {[%emt 0:08:44]} Nd7 {[%emt 0:00:13]} 11. d4 {[%emt 0:05:29]} Qb6 {[%emt 0:07:17]} 12. Nb1 {[%emt 0:03:22]} a5 {[%emt 0:03:26]} 13. Be3 $15 {[%emt 0:01:50]} a4 {[%emt 0:00:58]} 14. Bf2 {[%emt 0:05:01]} Rfc8 {[%emt 0:11:00]} 15. Na3 {[%emt 0:06:10]} b4 {[%emt 0:08:37]} 16. cxb4 {[%emt 0:05:27]} Nxb4 {[%emt 0:02:13]} 17. f5 {[%emt 0:07:20]} exf5 {[%emt 0:02:17]} 18. Bh3 {[%emt 0:02:13]} Qg6 {[%emt 0:14:06]} 19. Qb1 {[%emt 0:06:22]} Qh5 {[%emt 0:05:16]} 20. Qxf5 {[%emt 0:01:37]} Qxf5 {[%emt 0:00:20]} 21. Bxf5 {[%emt 0:00:06]} Rd8 {[%emt 0:00:30]} 22. e6 {[%emt 0:04:36]} fxe6 {[%emt 0:02:29]} 23. Bxe6+ {[%emt 0:00:26]} Kh8 {[%emt 0:00:05]} 24. Bxd7 {[%emt 0:04:21]} Rxd7 {[%emt 0:00:02]} 25. Ne5 {[%emt 0:00:07]} Rc7 {[%emt 0:00:03]} 26. Nb5 {[%emt 0:00:45]} Rcc8 {[%emt 0:00:05]} 27. Nd6 {[%emt 0:04:40]} Rc7 {[%emt 0:02:51]} 28. Nb5 {[%emt 0:00:24]} Rcc8 {[%emt 0:00:12]} 29. Nd6 {[%emt 0:00:04]} Rc7 {[%emt 0:00:06]} 30. Nxb7 {[%emt 0:03:46]} Rxb7 {[%emt 0:00:06]} 31. dxc5 {[%emt 0:00:09]} Bf6 {[%emt 0:00:12]} 32. Rae1 {[%emt 0:05:08]} Kg8 {[%emt 0:09:43]} 33. a3 Nc2 {[%emt 0:01:39]} 34. Re2 {[%emt 0:02:43]} Rxb2 {[%emt 0:00:10]} 35. Nd7 {[%emt 0:03:41]} Bc3 {[%emt 0:01:16]} 36. Nb6 {[%emt 0:00:18]} Ra6 {[%emt 0:03:55]} 37. Nxd5 {[%emt 0:00:38]} Nd4 {[%emt 0:01:03]} 38. Re8+ {[%emt 0:00:40]} Kf7 {[%emt 0:00:33]} 39. Re7+ {[%emt 0:00:05]} Kg6 {[%emt 0:00:31]} 40. Nxc3 {[%emt 0:00:00]} 1-0

[Event "WYCC 2018 O18"]
[Site "Halkidiki"]
[Date "2018.10.29"]
[Round "10"]
[White "Tran, Minh Thang"]
[Black "Shevchenko, Kirill"]
[Result "0-1"]
[WhiteElo "2341"]
[BlackElo "2549"]
[Annotator "TA"]
[PlyCount "74"]
[EventDate "2018.10.20"]
[EventType "swiss"]
[EventCountry "GRE"]
[SourceTitle "playchess.com"]
[Source "ChessBase"]
[SourceQuality "1"]

{[%evp 19,74,3,2,-6,0,-31,-27,-26,0,0,-6,-16,-4,-19,-19,-19,-14,-14,-6,-15,-13,-21,-16,-21,-23,-23,-22,-22,-21,-31,-26,-32,-21,-31,-31,-31,-8,-27,-21,-32,-21,-31,-11,-16,-11,-60,-51,-54,-46,-61,-46,-94,-94,-579,-593,-786,-774]} 1. e4 c5 2. Nf3 d6 3. d4 cxd4 4. Qxd4 Nc6 5. Bb5 a6 6. Bxc6+ bxc6 7. O-O e5 8. Qd3 Qc7 9. c4 Nf6 10. Nc3 Be7 {LiveBook: 20 Games} 11. Nh4 $146 {B51: Sicilian: Moscow Variation (3 Bb5+) without 3...Bd7} ({Predecessor:} 11. b3 O-O 12. Bb2 Bb7 13. Rac1 Rad8 14. Rfd1 c5 15. Rc2 Qc8 16. Re1 Qe6 17. Bc1 Nd7 18. Nd5 Nb8 {0-1 (62) Popovic,D (2517)-Djukic,N (2567) Batumi 2018}) 11... O-O 12. Kh1 Rd8 13. f4 {Black has an edge.} Nh5 14. Nf5 Bxf5 15. exf5 Nxf4 16. Bxf4 exf4 17. Rxf4 Bf6 18. Rf2 Rab8 19. Raf1 Qa5 20. Ne4 Qe5 21. b3 d5 22. cxd5 cxd5 23. Nxf6+ Qxf6 24. h3 d4 25. Rd1 Rbc8 26. Rc2 Rxc2 27. Qxc2 $15 {[%mdl 4096] Endgame KQR-KQR} Qe5 28. Qd3 (28. b4 {seems wilder.} Qd5 29. Qc5 Qxa2 30. Qb6 Qd5 31. Qxa6 d3 32. Qa5) 28... a5 29. Rc1 h5 30. Rd1 h4 31. Kg1 Qd6 32. Qe4 d3 33. Qxh4 d2 34. Qf2 Qd3 {[%mdl 1024] Black has compensation.} 35. f6 Qc2 36. Qf3 $2 {[%mdl 8192] [#]} (36. Qe2 $17 {was the crucial defense.}) 36... Re8 $1 $19 {[%cal Re8e1] White must now prevent ...Re1+.} 37. Kf1 Re6 {Precision: White = 32%, Black = 71%.} 0-1

[Event "WYCC 2018 O18"]
[Site "Halkidiki"]
[Date "2018.10.29"]
[Round "10"]
[White "Varacalli, Francisco"]
[Black "Giesinger, Elias"]
[Result "1/2-1/2"]
[WhiteElo "2334"]
[BlackElo "2131"]
[Annotator "NA"]
[PlyCount "119"]
[EventDate "2018.10.20"]
[EventType "swiss"]
[EventCountry "GRE"]
[SourceTitle "playchess.com"]
[Source "ChessBase"]
[SourceQuality "1"]
[TimeControl "40/5400+30:1800+30"]

1. e4 {[%emt 0:00:00]} c5 {[%emt 0:00:00]} 2. Nf3 {[%emt 0:00:00]} Nc6 {[%emt 0:00:00]} 3. d4 {[%emt 0:01:04]} cxd4 {[%emt 0:00:00]} 4. Nxd4 {[%emt 0:00:08]} e6 {[%emt 0:00:10]} 5. Nc3 {[%emt 0:00:59]} Qc7 {[%emt 0:00:16]} 6. Be3 {[%emt 0:01:46]} a6 {[%emt 0:00:07]} 7. Be2 {[%emt 0:00:20]} Nf6 {[%emt 0:00:52]} 8. O-O {[%emt 0:01:26]} Be7 {[%emt 0:00:42]} 9. f4 {[%emt 0:02:06]} d6 {[%emt 0:00:17]} 10. Kh1 {[%emt 0:01:30]} O-O {[%emt 0:00:25]} 11. Qe1 {[%emt 0:02:02]} Nxd4 {[%emt 0:01:56]} 12. Bxd4 {[%emt 0:00:10]} b5 {[%emt 0:00:08]} 13. a3 {[%emt 0:02:17]} Bb7 {[%emt 0:01:25]} 14. Qg3 {[%emt 0:02:12]} Rad8 {[%emt 0:00:31]} 15. Bd3 {[%emt 0:09:20] LiveBook: 93 Games B85: Sicilian Scheveningen: 6 Be2 a6, lines with early Be3} (15. Rae1 Qd7 16. Bd3 Nh5 17. Qg4 Nf6 18. Qg3 Nh5 19. Qg4 Nf6 20. Qg3 Nh5 21. Qg4 Nf6 22. Qg3 {½-½ (24) Andreikin,D (2712)-Grischuk,A (2772) Huaian 2017}) 15... Bc6 {[%emt 0:04:12]} 16. Rae1 {[%emt 0:01:30]} Qd7 {[%emt 0:01:15]} 17. Re3 {[%emt 0:16:29]} e5 {[%emt 0:06:39]} 18. fxe5 {[%emt 0:08:01]} Nh5 $146 {[%emt 0:00:28]} ({Predecessor:} 18... dxe5 19. Bxe5 Nh5 20. Qe1 f6 21. Rh3 g6 22. Rxh5 gxh5 23. Rf5 fxe5 24. Qg3+ Kh8 25. Qxe5+ Kg8 26. Qg3+ Kh8 {½-½ (26) Campian,C (2417)-Wagner,R (2454) ICCF email 2016}) 19. Qf3 {[%emt 0:08:20]} dxe5 {[%emt 0:02:30]} 20. Bxe5 {[%emt 0:03:08]} (20. Bb6 $1 $14 Rb8 21. Qxh5 Rxb6 22. Rh3 (22. Qxe5 f6 $14)) 20... f6 $14 {[%emt 0:02:54]} 21. Qxh5 {[%emt 0:04:24]} fxe5 {[%emt 0:00:10]} 22. Ref3 {[%emt 0:00:42]} Qe6 {[%emt 0:09:08]} 23. Nd5 {[%emt 0:09:48]} Bd6 {[%emt 0:08:28]} 24. Rxf8+ {[%emt 0:02:29]} Rxf8 {[%emt 0:02:30]} 25. Rxf8+ {[%emt 0:00:18]} Bxf8 {[%emt 0:00:09]} 26. Ne3 {[%emt 0:01:46]} Bc5 {[%emt 0:08:44]} 27. Qf5 {[%emt 0:01:08]} Qxf5 {[%emt 0:04:15]} 28. Nxf5 {[%emt 0:00:13]} Kf7 {[%emt 0:02:58]} 29. Ng3 {[%emt 0:05:24]} a5 {[%emt 0:05:13]} 30. Ne2 {[%emt 0:00:44]} b4 {[%emt 0:03:36]} 31. axb4 {[%emt 0:00:12]} axb4 {[%emt 0:00:10]} 32. g3 {[%emt 0:00:24]} Bd7 {[%emt 0:03:45]} 33. Kg2 {[%emt 0:01:51]} Bg4 {[%emt 0:01:40]} 34. Nc1 {[%emt 0:03:15]} Bd4 {[%emt 0:04:16]} 35. Bc4+ {[%emt 0:03:06]} Kf6 {[%emt 0:00:25]} 36. Na2 {[%emt 0:00:34]} Bxb2 {[%emt 0:02:53]} 37. Nxb4 {[%emt 0:00:07]} Bd4 {[%emt 0:05:33]} 38. Nd5+ {[%emt 0:00:16]} Kg6 {[%emt 0:01:22]} 39. Ne7+ {[%emt 0:03:14]} Kf6 {[%emt 0:00:46]} 40. Nd5+ {[%emt 0:00:00]} Kg6 {[%emt 0:00:00]} 41. c3 {[%emt 0:08:28]} Bc5 {[%emt 0:01:35]} 42. Nb4 {[%emt 0:04:09]} Kf6 {[%emt 0:00:32]} 43. Bg8 {[%emt 0:00:57]} h6 {[%emt 0:02:19]} 44. Nd3 {[%emt 0:03:56]} Ba7 {[%emt 0:02:35]} 45. c4 {[%emt 0:00:54]} Bd4 {[%emt 0:02:15]} 46. Nb4 {[%emt 0:02:05]} g5 {[%emt 0:03:25]} 47. Bd5 {[%emt 0:01:27]} h5 {[%emt 0:03:26]} 48. Nd3 {[%emt 0:01:39]} Be2 {[%emt 0:02:09]} 49. Nc1 {[%emt 0:01:30]} Bd1 {[%emt 0:00:28]} 50. h3 {[%emt 0:01:05]} h4 {[%emt 0:05:09]} 51. Nd3 {[%emt 0:01:57]} Be2 {[%emt 0:03:45]} 52. Ne1 {[%emt 0:00:48]} Ke7 {[%emt 0:02:17]} 53. gxh4 {[%emt 0:03:23]} gxh4 {[%emt 0:00:40]} 54. Nc2 {[%emt 0:01:14]} Bc5 {[%emt 0:00:46]} 55. Ne1 {[%emt 0:00:34]} Bd4 {[%emt 0:06:43]} 56. Nf3 {[%emt 0:00:37]} Bxf3+ {[%emt 0:00:55]} 57. Kxf3 {[%emt 0:00:06]} Kd6 {[%emt 0:01:25]} 58. Kg4 {[%emt 0:00:13]} Bf2 {[%emt 0:00:04]} 59. Kf5 {[%emt 0:00:08]} Bg3 {[%emt 0:00:11]} 60. Kg4 1/2-1/2

[Event "WYCC 2018 O18"]
[Site "Halkidiki"]
[Date "2018.10.29"]
[Round "10"]
[White "Wang, Shixu B"]
[Black "Radovanovic, Mihajlo"]
[Result "0-1"]
[WhiteElo "2330"]
[BlackElo "2466"]
[Annotator "TA"]
[PlyCount "110"]
[EventDate "2018.10.20"]
[EventType "swiss"]
[EventCountry "GRE"]
[SourceTitle "playchess.com"]
[Source "ChessBase"]
[SourceQuality "1"]

{[%evp 18,110,30,0,22,-19,-15,-17,0,-50,-48,-62,-59,-59,-42,-45,-52,-56,-65,-143,-140,-142,-143,-145,-141,-191,-144,-141,-139,-142,-94,-110,-49,-85,-63,-56,-62,-66,-69,-62,-37,-122,-121,-123,-129,-121,-67,-107,-107,-107,-107,-107,-107,-164,-132,-137,-136,-252,-257,-237,-152,-159,-107,-107,-107,-107,-107,-107,-107,-107,-107,-169,-145,-214,-190,-397,-406,-432,-431,-478,-480,-396,-469,-381,-364,-491,-489,-497,-495,-485,-481,-460,-424,-682,-656]} 1. d4 d6 2. c4 e5 3. Nf3 Nd7 4. Nc3 Ngf6 5. e4 g6 6. Be2 Bg7 7. O-O O-O 8. dxe5 dxe5 9. Be3 c6 10. h3 {LiveBook: 32 Games} Nh5 {E94: King's Indian: Classical: 6 Be2 e5 7 0-0: Various Black 7th moves} (10... Qe7 11. Qc2 Nh5 12. Rfd1 Nf4 13. Bf1 Ne6 14. a3 a5 15. Qd2 Ndc5 16. Qd6 Qxd6 17. Rxd6 Nb3 18. Rad1 Re8 19. Na4 {½-½ (36) Idani,P (2551)-Chigaev,M (2551) St Petersburg 2016}) 11. g3 Qe7 $1 12. Kg2 $146 ({Predecessor:} 12. Nh2 Nhf6 13. Ng4 Nc5 14. b4 Ne6 15. Nxe5 Qxb4 16. Bd2 Qc5 17. Nf3 Nd4 18. Kg2 Nxf3 19. Bxf3 Qxc4 {0-1 (39) Csiszar,C (2421)-Borsavolgyi,T (2289) Hungary 1999}) 12... Nc5 {The position is equal.} 13. Nd2 Nf6 $1 {[%cal Bh5f6,Bf6h7,Bh7g5][%mdl 32]} 14. Qc2 Ne6 15. Nb3 h5 {[%cal Bh7h5,Bh5h4][%mdl 32]} 16. Rad1 h4 17. Qd2 Nh7 18. Bh6 (18. Qe1 $15) 18... Neg5 $17 19. Bxg5 Nxg5 20. Rh1 Ne6 21. Bd3 Bf6 22. Ne2 Kg7 23. g4 Bg5 24. Qc3 Qf6 (24... b6 $17 25. Qxe5+ Bf6) 25. Nd2 Nd4 26. Nxd4 exd4 27. Qc2 Qf4 28. Nb3 Rd8 29. Qe2 (29. Nc1 $15) 29... b6 $1 $36 {[%mdl 2048] Black is in control.} 30. Nd2 c5 31. Nf3 Rd6 (31... Bb7 $17 32. Nxg5 Qxg5) 32. Nxg5 Qxg5 33. Qd2 Qxd2 34. Rxd2 Bb7 35. Re1 (35. f3 $17 {keeps fighting.}) 35... Rf6 36. f3 Re8 37. Kf2 (37. b4 $17 {was the only chance.}) 37... Rf4 $19 38. Rde2 Re6 {Threatens to win with ...Ref6.} 39. Rf1 {[#]} Kh6 ({Better is} 39... f5 $1 {[%cal Rb7e4][%mdl 512] aiming for ...Bxe4.} 40. Ke1 (40. exf5 Rxf3+) 40... fxg4 41. fxg4 Rxf1+ 42. Kxf1 Re5) 40. Kg1 Kg5 41. Rff2 Rff6 42. Kg2 Kf4 43. a3 Re5 44. b4 {[#]} (44. Re1 $17) 44... Rfe6 $1 45. b5 {[#]} (45. Kg1 $17 {was worth a try.}) 45... f5 $1 {[%mdl 512]} 46. a4 $2 (46. gxf5 gxf5 47. Kh2) (46. exf5 Rxe2) 46... fxe4 47. fxe4+ Kg5 48. Rf7 Re7 49. Rxe7 Rxe7 {[%mdl 4096] Endgame KRB-KRB} 50. Kf3 Rf7+ 51. Kg2 Rf4 {Black is clearly winning.} 52. Re1 Kf6 53. Re2 Ke5 54. Re1 Rf8 55. g5 (55. Re2 $142 Ra8 56. Kf2) 55... Rf4 {Precision: White = 42%, Black = 81%.} 0-1

[Event "WYCC 2018 O18"]
[Site "Halkidiki"]
[Date "2018.10.29"]
[Round "10"]
[White "Szustakowski, Antoni"]
[Black "Makhnev, Denis"]
[Result "1/2-1/2"]
[WhiteElo "2319"]
[BlackElo "2442"]
[Annotator "TA"]
[PlyCount "42"]
[EventDate "2018.10.20"]
[EventType "swiss"]
[EventCountry "GRE"]
[SourceTitle "playchess.com"]
[Source "ChessBase"]
[SourceQuality "1"]

{[%evp 25,42,0,6,6,6,5,18,16,10,0,0,0,0,-3,0,0,0,0,0]} 1. d4 Nf6 2. c4 e6 3. Nf3 b6 4. g3 Bb7 5. Bg2 Be7 6. O-O O-O 7. d5 exd5 8. Nh4 c6 9. cxd5 Nxd5 10. Nf5 Nc7 11. e4 d5 12. Nc3 Bf6 13. exd5 {E17: Queen's Indian: 4 g3 Bb7 5 Bg2 Be7} Nxd5 {LiveBook: 42 Games. The position is equal.} 14. Nxd5 cxd5 15. Ne3 {[%cal Re3d5]} (15. Re1 Na6 16. Bf4 Bxb2 17. Rb1 Bf6 18. Nd6 Bc6 19. Bxd5 Bxd5 20. Qxd5 Qd7 21. Rbd1 Rad8 22. h4 Nc5 23. Bg5 Bxg5 24. hxg5 Qa4 25. Re7 Rd7 26. Rde1 Nb7 27. Qxf7+ {1-0 (27) Adhiban,B (2655)-Kovalenko,I (2635) chess.com INT 2018}) 15... Nd7 {[%cal Bb8d7,Bd7c5,Bc5b7,Bb7d6,Bd6f5][%mdl 32]} 16. Nxd5 Nc5 17. Nxf6+ Qxf6 $146 18. Bxb7 Nxb7 19. Qe2 Rfe8 20. Be3 Nd6 21. Rad1 Nf5 1/2-1/2

[Event "WYCC 2018 O18"]
[Site "Halkidiki"]
[Date "2018.10.29"]
[Round "10"]
[White "Banzea, Alexandru-Bogdan"]
[Black "Ayats Llobera, Gerard"]
[Result "1/2-1/2"]
[WhiteElo "2313"]
[BlackElo "2399"]
[Annotator "NA"]
[PlyCount "38"]
[EventDate "2018.10.20"]
[EventType "swiss"]
[EventCountry "GRE"]
[SourceTitle "playchess.com"]
[Source "ChessBase"]
[SourceQuality "1"]
[TimeControl "40/5400+30:1800+30"]

1. e4 {[%emt 0:00:00]} c5 {[%emt 0:00:00]} 2. Nf3 {[%emt 0:00:00]} d6 {[%emt 0:00:00]} 3. Bb5+ {[%emt 0:00:42]} Nc6 {[%emt 0:00:03]} 4. O-O {[%emt 0:00:28]} Bd7 {[%emt 0:00:25]} 5. Re1 {[%emt 0:00:21]} Nf6 {[%emt 0:00:32]} 6. c3 {[%emt 0:00:23]} a6 {[%emt 0:00:06]} 7. Bf1 {[%emt 0:00:15]} Bg4 {[%emt 0:00:10]} 8. h3 {[%emt 0:00:17]} Bxf3 {[%emt 0:00:03]} 9. Qxf3 {[%emt 0:00:17]} e6 {[%emt 0:00:08]} 10. Qd1 {[%emt 0:04:45]} d5 {[%emt 0:06:47]} 11. e5 {[%emt 0:05:35]} Nd7 {[%emt 0:00:14]} 12. f4 {[%emt 0:00:30]} c4 {[%emt 0:04:23]} 13. d4 {[%emt 0:06:18]} cxd3 $1 {[%emt 0:02:21]} 14. Bxd3 {[%emt 0:00:46]} Nc5 {[%emt 0:32:26]} (14... g5 $5) 15. Be3 {[%emt 0:09:29]} Nxd3 {[%emt 0:00:04]} 16. Qxd3 {[%emt 0:00:21]} Be7 {[%emt 0:00:05]} 17. Nd2 {[%emt 0:00:48]} Rc8 {[%emt 0:00:52]} 18. Nf3 {[%emt 0:01:41]} O-O $11 {[%emt 0:00:25]} 19. f5 {[%emt 0:08:36]} Qd7 {[%emt 0:23:27]} 1/2-1/2

[Event "WYCC 2018 O18"]
[Site "Halkidiki"]
[Date "2018.10.29"]
[Round "10"]
[White "Dobrovoljc, Vid"]
[Black "Van Foreest, Lucas"]
[Result "0-1"]
[WhiteElo "2309"]
[BlackElo "2499"]
[Annotator "TA"]
[PlyCount "62"]
[EventDate "2018.10.20"]
[EventType "swiss"]
[EventCountry "GRE"]
[SourceTitle "playchess.com"]
[Source "ChessBase"]
[SourceQuality "1"]

{[%evp 19,62,47,47,48,41,54,52,51,52,48,45,45,39,41,49,43,45,-407,-406,-408,-402,-406,-407,-397,-391,-405,-412,-401,-359,-530,-529,-523,-502,-543,-468,-568,-581,-559,-559,-544,-483,-543,-537,-565,-581]} 1. e4 e5 2. Nf3 Nc6 3. Bb5 a6 4. Ba4 d6 5. O-O Bd7 6. d4 exd4 {C72: Ruy Lopez: Deferred Steinitz: 5 0-0} 7. Bxc6 (7. Nxd4 Nxd4 8. Bxd7+ Qxd7 9. Qxd4 Nf6 10. Nc3 Be7 11. Bf4 O-O 12. Rad1 Qc6 13. Nd5 Nxd5 14. exd5 Qxc2 15. Rc1 Qf5 16. Rxc7 Bf6 17. Qd2 Rfc8 18. Rfc1 Rxc7 19. Rxc7 {0-1 (32) Howell,D (2687)-McShane,L (2669) Hull 2018}) 7... Bxc6 8. Nxd4 Be7 9. Nxc6 bxc6 10. Qf3 Qd7 {LiveBook: 5 Games} 11. Bf4 Bf6 12. e5 Bxe5 $146 ({Predecessor:} 12... dxe5 13. Re1 Ne7 14. Bxe5 Bxe5 15. Rxe5 {1-0 (56) Karthik,V (2475)-Nitish,B (2309) Mumbai 2018}) 13. Bxe5 dxe5 14. Re1 f6 15. Qb3 {[%mdl 1024] White has compensation.} Ne7 {[%cal Bg8e7,Be7d5,Bd5c3][%mdl 32]} 16. Nc3 Nd5 17. Red1 {[%cal Rc3d5]} Rd8 18. Qa4 $2 {[%mdl 8192] [#]} (18. Qc4 $14 {stays ahead.}) 18... Nxc3 $19 19. Rxd7 Nxa4 20. Rxc7 Nxb2 21. Rb1 O-O 22. Rxc6 Na4 23. Kf1 Rb8 24. Rb3 (24. Rxb8 {was necessary.} Rxb8 25. Rxa6) 24... Rbc8 {Black is clearly winning.} 25. Rxc8 Rxc8 {[%mdl 4096] Endgame KRN-KR} 26. Rb4 Nc5 27. a4 a5 28. Rb5 Nxa4 29. Rxa5 Nc5 30. c3 Ne4 31. f3 Nxc3 {Precision: White = 48%, Black = 80%.} 0-1

[Event "WYCC 2018 O18"]
[Site "Halkidiki"]
[Date "2018.10.29"]
[Round "10"]
[White "Risting, Eivind Olav"]
[Black "Ioannidis, Evgenios"]
[Result "1-0"]
[WhiteElo "2299"]
[BlackElo "2407"]
[Annotator "NA"]
[PlyCount "89"]
[EventDate "2018.10.20"]
[EventType "swiss"]
[EventCountry "GRE"]
[SourceTitle "playchess.com"]
[Source "ChessBase"]
[SourceQuality "1"]
[TimeControl "40/5400+30:1800+30"]

1. d4 {[%emt 0:00:00]} e6 {[%emt 0:00:00]} 2. c4 {[%emt 0:00:00]} Bb4+ {[%emt 0:00:12]} 3. Bd2 {[%emt 0:00:29]} a5 {[%emt 0:00:27]} 4. Nf3 {[%emt 0:00:22]} Nf6 {[%emt 0:00:43]} 5. g3 {[%emt 0:00:28]} O-O {[%emt 0:00:58]} 6. Bg2 {[%emt 0:00:06]} b6 {[%emt 0:00:17]} 7. O-O {[%emt 0:00:24]} Bb7 {[%emt 0:00:18]} 8. Bf4 {[%emt 0:00:41]} Be7 {[%emt 0:00:31]} 9. Nc3 {[%emt 0:03:55]} Ne4 {[%emt 0:00:20]} 10. Qc2 {[%emt 0:03:00]} Nxc3 {[%emt 0:00:29]} 11. Qxc3 {[%emt 0:00:30]} d6 {[%emt 0:00:18] E16: Queen's Indian: 4 g3 Bb7 5 Bg2 Bb4+} (11... Be4 12. Rfd1 f5 13. d5 Bf6 14. Be5 Qe8 15. Bxf6 Rxf6 16. Bf1 Na6 17. Ne1 f4 18. Nf3 Bxf3 19. exf3 {0-1 (33) Almasi,Z (2682)-Fedorchuk,S (2648) Riadh 2017}) 12. Rfd1 {[%emt 0:09:02]} Nd7 {[%emt 0:00:42] LiveBook: 5 Games} 13. Qc2 {[%emt 0:01:42]} f5 $146 {[%emt 0:16:31]} ({Predecessor:} 13... Nf6 14. Ne1 Bxg2 15. Nxg2 c6 16. e4 d5 17. e5 Nd7 18. Rac1 b5 19. cxb5 cxb5 {½-½ (42) Nechaeva,M (2419)-Bojkovic,N (2384) Valjevo 2018}) 14. b3 {[%emt 0:11:13]} Be4 {[%emt 0:06:06]} 15. Qc1 {[%emt 0:03:55]} Qe8 {[%emt 0:14:00]} 16. Bg5 {[%emt 0:06:47]} Bf6 {[%emt 0:04:31]} 17. Ne1 {[%emt 0:08:45]} Qh5 {[%emt 0:16:16]} 18. Bxf6 {[%emt 0:00:52]} Rxf6 {[%emt 0:01:47]} 19. Qe3 {[%emt 0:08:51]} Raf8 {[%emt 0:00:04]} 20. Nf3 {[%emt 0:14:56]} Kh8 {[%emt 0:09:14]} 21. Rac1 {[%emt 0:01:31]} Rg8 $11 {[%emt 0:10:00]} 22. h4 {[%emt 0:10:34]} h6 {[%emt 0:02:14]} 23. a3 {[%emt 0:03:27]} Ba8 {[%emt 0:02:36]} 24. d5 {[%emt 0:02:46]} Re8 {[%emt 0:01:39]} 25. Qc3 {[%emt 0:01:18]} e5 {[%emt 0:00:57]} 26. b4 {[%emt 0:00:28]} a4 {[%emt 0:03:17]} 27. Qc2 {[%emt 0:02:57]} g5 {[%emt 0:01:20]} 28. Qxa4 {[%emt 0:00:29]} Rf7 {[%emt 0:00:04]} 29. hxg5 {[%emt 0:00:52]} hxg5 {[%emt 0:00:12]} 30. c5 {[%emt 0:00:23]} e4 {[%emt 0:03:28]} 31. Nd4 {[%emt 0:00:31]} Bxd5 {[%emt 0:02:58]} 32. cxd6 {[%emt 0:00:19]} cxd6 {[%emt 0:00:23]} 33. Nxf5 {[%emt 0:00:32]} Be6 {[%emt 0:00:47]} 34. Nxd6 {[%emt 0:01:13]} Rh7 {[%emt 0:00:05]} 35. Nxe8 {[%emt 0:02:00]} Qh2+ {[%emt 0:00:05]} 36. Kf1 {[%emt 0:00:02]} Bh3 {[%emt 0:00:03]} 37. Ke1 {[%emt 0:00:52]} e3 {[%emt 0:00:35]} 38. fxe3 {[%emt 0:00:13]} Qxg3+ {[%emt 0:00:55]} 39. Kd2 {[%emt 0:00:12]} Bxg2 {[%emt 0:00:32]} 40. b5 {[%emt 0:00:00]} Re7 {[%emt 0:00:00]} 41. Qd4+ {[%emt 0:11:12]} Kh7 {[%emt 0:02:22]} 42. Rh1+ {[%emt 0:05:58]} Bxh1 {[%emt 0:00:05]} 43. Rxh1+ {[%emt 0:00:07]} Kg6 {[%emt 0:00:05]} 44. Qd3+ {[%emt 0:00:34]} Kf7 {[%emt 0:00:51]} 45. Qf5+ {[%emt 0:02:44]} 1-0